| 000 | 00639cam a2200181 i 4500 | ||
|---|---|---|---|
| 005 | 20251203111646.0 | ||
| 008 | 250721s2004 jo gr 000 0 ara d | ||
| 082 | 1 | 4 |
_a214 _bع و ض |
| 100 | 1 |
_aالعوضي، أحمد _eمؤلف. |
|
| 245 | 1 | 2 |
_aالعقيدة الإسلامية : _bعند أهل السنة / _cالدكتور أحمد العوضي. |
| 264 | 3 | 1 |
_aالكرك : _bمؤسسة رام للتكنولوجيا و الكمبيوتر، _c2004. |
| 300 | _a341 صفحة. | ||
| 650 | 1 | 7 | _aالعقيده الدينيه. |
| 650 | 1 | 7 | _aالاسلام. |
| 650 | 1 | 7 | _aالسنه. |
| 942 |
_2ddc _cBK |
||
| 999 |
_c88593 _d88593 |
||